000 00298nam a22001337a 4500
008 180314b xxu||||| |||| 00| 0 eng d
020 _a9780838582527
041 _aeng
080 _a611
100 _a6
101 _aANA
245 _aReview of medical physiology
_cGanong,W.F
942 _2udc
_cBK
999 _c44941
_d44941